Introducción a la estructura del oleaje / (Record no. 176002)

MARC details
000 -LEADER
campo de control de longitud fija 00977nam a22002295i 4500
001 - NÚMERO DE CONTROL
campo de control 176002
003 - IDENTIFICADOR DE NÚMERO DE CONTROL
campo de control ES-MaACL
005 - FECHA Y HORA DE LA ÚLTIMA TRANSACCIÓN
campo de control 20250812221539.0
008 - DATOS DE LONGITUD FIJA--INFORMACIÓN GENERAL
campo de control de longitud fija 101209s1967 sp |||| | spa d
080 ## - NÚMERO DE LA CLASIFICACIÓN DECIMAL UNIVERSAL
Número de la Clasificación Decimal Universal 551.46:627
100 1# - ENTRADA PRINCIPAL--NOMBRE DE PERSONA
Nombre de persona Suárez Bores, Pedro.
9 (RLIN) 144219
245 10 - MENCIÓN DEL TÍTULO
Título Introducción a la estructura del oleaje /
Mención de responsabilidad, etc. P. Suárez Bores.
260 ## - PUBLICACIÓN, DISTRIBUCIÓN, ETC.
Lugar de publicación, distribución, etc. Madrid :
Nombre del editor, distribuidor, etc. Centro de estudios y experimentación de Obras Públicas, Laboratorio de Puertos,
Fecha de publicación, distribución, etc. 1967.
300 ## - DESCRIPCIÓN FÍSICA
Extensión II, 104 p. ;
Dimensiones 27 cm.
490 1# - MENCIÓN DE SERIE
Mención de serie Centro de Estudios y Experimentación de Obras Públicas. Laboratorio de Puertos ;
Designación de volumen o secuencia 4-B
504 ## - NOTA DE BIBLIOGRAFÍA, ETC.
Nota de bibliografía, etc. Bibliografía: p. 104.
650 04 - PUNTO DE ACCESO ADICIONAL DE MATERIA--TÉRMINO DE MATERIA
Término de materia o nombre geográfico como elemento de entrada Olas.
9 (RLIN) 144225
710 0# - ENTRADA AGREGADA--NOMBRE DE ENTIDAD CORPORATIVA
Nombre de entidad corporativa o nombre de jurisdicción como elemento de entrada Centro de Estudios y Experimentación de Obras Públicas.
Unidad subordinada Laboratorio de Puertos (España)
9 (RLIN) 2687
830 00 - PUNTO DE ACCESO ADICIONAL DE SERIE-TÍTULO UNIFORME
Título uniforme Centro de Estudios y Experimentación de Obras Públicas.
Nombre de parte o sección de la obra Laboratorio de Puertos
Designación de volumen o secuencia 4-B
9 (RLIN) 189888
852 ## - LOCALIZACIÓN
Ubicación ES-MaACL
Número de control de estantería 2277-F-4
Encuadernación Olim P-1412
Holdings
Estatus retirado Estado de pérdida Estado de daño No para préstamo Colección Biblioteca de origen Biblioteca actual Ubicación en estantería Fecha de adquisición Fuente de adquisición Total de préstamos Signatura topográfica completa Código de barras Visto por última vez Precio de reemplazo Tipo de ítem Koha
        Colección de folletos Biblioteca del Ateneo de Madrid Biblioteca del Ateneo de Madrid Depósito folletos 09/12/2010     2277-F-4 1184831 23/02/2023 23/02/2023 Folleto